[Event "IMSA Blitz Men 2019"]
[Site "Hengshui"]
[Date "2019.05.18"]
[Round "10.2"]
[White "Rapport, Richard"]
[Black "Ponomariov, Ruslan"]
[Result "1/2-1/2"]
[WhiteElo "2736"]
[BlackElo "2675"]
[Annotator "TA"]
[PlyCount "115"]
[EventDate "2019.05.17"]
[EventType "blitz"]
[EventCountry "CHN"]
[SourceTitle "playchess.com"]
[Source "ChessBase"]
[SourceQuality "1"]

{[%evp 18,115,16,13,16,0,0,0,-4,-15,0,0,0,0,0,0,0,0,0,0,0,0,8,14,20,7,17,8,16,0,14,18,24,5,30,0,7,0,0,0,0,0,0,0,0,0,0,0,0,0,0,0,0,0,0,0,0,0,0,0,0,0,0,0,0,0,0,0,0,0,0,0,0,0,0,0,13,0,0,0,0,0,0,0,0,0,0,0,0,0,0,0,0,0,0,0,0,0,0,0]} 1. b3 e5 2. Bb2 Nc6 3. c4 Nf6 4. Nf3 d6 5. e3 g6 6. d4 exd4 7. Nxd4 Bd7 8. Be2 Bg7 9. O-O O-O 10. Nc3 Re8 {A15: English Opening: 1...Nf6} 11. Rc1 $146 ({Predecessor:} 11. Nf3 Ne5 12. Qd2 Bc6 13. Nd4 a6 14. Rad1 Bd7 15. Nd5 c5 16. Nf3 Nxd5 17. Bxe5 Bxe5 18. Qxd5 {1-0 (68) Khismatullin,D (2621)-Drygalov,S (2446) St Petersburg 2018}) 11... Nxd4 12. Qxd4 Ne4 $1 13. Qd1 Bc6 14. Bf3 Nxc3 15. Bxc3 Bxf3 16. Qxf3 b6 17. Rfd1 a5 18. Bxg7 Kxg7 19. Qc6 Qe7 20. Rd4 Rad8 21. g3 h5 22. h4 Rc8 23. Kg2 Qe6 24. a3 Re7 25. Rcd1 Rce8 26. R1d2 Qd7 {The position is equal.} 27. Qb7 Qc8 28. Qc6 Qa8 29. Qd5 Re5 30. Qxa8 Rxa8 $11 {[%mdl 4096] Endgame KRR-KRR} 31. Rd5 Kf6 32. Kf3 Rae8 33. Ke2 Ke7 34. Kd3 Re6 35. Kc3 Kd7 36. R5d4 f5 37. Kd3 Re5 38. Ke2 Re4 39. Kf3 Rxd4 40. Rxd4 {KR-KR} Ke6 41. Kf4 Kf6 42. f3 Re5 43. e4 fxe4 44. fxe4 g5+ 45. Ke3 gxh4 46. gxh4 Ke6 47. Kf4 c6 48. Rd3 b5 49. Rc3 Rc5 50. a4 bxa4 51. bxa4 Kf6 52. Rd3 Ke7 53. Rc3 Ke6 54. Rc2 Kf6 55. Rd2 Ke6 56. Rc2 Kf6 57. Rd2 Ke6 58. Rc2 {Accuracy: White = 75%, Black = 71%.} 1/2-1/2

[Event "IMSA Blitz Men 2019"]
[Site "Hengshui"]
[Date "2019.05.18"]
[Round "10.2"]
[White "Bu, Xiangzhi"]
[Black "Fedoseev, Vladimir"]
[Result "1-0"]
[WhiteElo "2729"]
[BlackElo "2683"]
[Annotator "RC"]
[PlyCount "81"]
[EventDate "2019.05.17"]
[EventType "blitz"]
[EventCountry "CHN"]
[SourceTitle "playchess.com"]
[Source "ChessBase"]
[SourceQuality "1"]
[TimeControl "180+2"]

1. Nf3 {[%emt 0:00:00]} Nf6 {[%emt 0:00:00]} 2. c4 {[%emt 0:00:00]} e6 {[%emt 0:00:00]} 3. Nc3 {[%emt 0:00:00]} d5 {[%emt 0:00:01]} 4. d4 {[%emt 0:00:01]} Be7 {[%emt 0:00:01]} 5. Bg5 {[%emt 0:00:05]} h6 {[%emt 0:00:03]} 6. Bh4 {[%emt 0:00:00]} O-O {[%emt 0:00:08]} 7. e3 {[%emt 0:00:01]} b6 {[%emt 0:00:01]} 8. Bd3 {[%emt 0:00:06]} Bb7 {[%emt 0:00:01]} 9. O-O {[%emt 0:00:01]} Nbd7 {[%emt 0:00:03]} 10. Qe2 {[%emt 0:00:02]} c5 {[%emt 0:00:03]} 11. cxd5 {[%emt 0:00:02]} Nxd5 {[%emt 0:00:06]} 12. Bxe7 {[%emt 0:00:03]} Qxe7 {[%emt 0:00:21]} 13. Nxd5 {[%emt 0:00:14]} Bxd5 {[%emt 0:00:02]} 14. Rfd1 {[%emt 0:00:12]} Bxf3 {[%emt 0:00:16]} 15. Qxf3 {[%emt 0:00:02]} cxd4 {[%emt 0:00:04]} 16. Qe4 {[%emt 0:00:09]} Nf6 {[%emt 0:00:01]} 17. Qxd4 {[%emt 0:00:01]} Rfd8 {[%emt 0:00:01]} 18. Qa4 {[%emt 0:00:05]} Rac8 {[%emt 0:00:05]} 19. Be2 {[%emt 0:00:04]} Rxd1+ {[%emt 0:00:10]} 20. Rxd1 {[%emt 0:00:00]} g6 {[%emt 0:00:06]} 21. g3 {[%emt 0:00:04]} Kg7 {[%emt 0:00:03]} 22. Bf3 {[%emt 0:00:03]} Rc5 {[%emt 0:00:05]} 23. Kg2 {[%emt 0:00:03]} Qc7 {[%emt 0:00:05]} 24. Rd2 {[%emt 0:00:12]} e5 {[%emt 0:00:08]} 25. a3 {[%emt 0:00:10]} a5 {[%emt 0:00:18]} 26. Qb3 {[%emt 0:00:06]} b5 {[%emt 0:00:41]} 27. Qd3 {[%emt 0:00:09]} Rc4 {[%emt 0:00:12]} 28. Bd5 {[%emt 0:00:17]} Rc1 {[%emt 0:00:21]} 29. Qxb5 {[%emt 0:00:11]} Rc5 {[%emt 0:00:02]} 30. Qb3 {[%emt 0:00:07]} a4 {[%emt 0:00:02]} 31. Qd1 {[%emt 0:00:07]} Rc1 {[%emt 0:00:05]} 32. Qxa4 {[%emt 0:00:08]} Ra1 {[%emt 0:00:08]} 33. Rd1 {[%emt 0:00:24]} Rc1 {[%emt 0:00:10]} 34. Rxc1 {[%emt 0:00:21]} Qxc1 {[%emt 0:00:01]} 35. Bb3 {[%emt 0:00:01]} Qc7 {[%emt 0:00:10]} 36. Qb5 {[%emt 0:00:07]} h5 {[%emt 0:00:02]} 37. h3 {[%emt 0:00:01]} Ne4 {[%emt 0:00:02]} 38. Qd5 {[%emt 0:00:04]} Nf6 {[%emt 0:00:02]} 39. Qb5 {[%emt 0:00:03]} Ne4 {[%emt 0:00:01]} 40. Qc4 {[%emt 0:00:02]} Qb7 {[%emt 0:00:05]} 41. Qd5 {[%emt 0:00:01]} 1-0

[Event "IMSA Blitz Men 2019"]
[Site "Hengshui"]
[Date "2019.05.18"]
[Round "10.2"]
[White "Andreikin, Dmitry"]
[Black "Leko, Peter"]
[Result "1/2-1/2"]
[WhiteElo "2722"]
[BlackElo "2674"]
[Annotator "TA"]
[PlyCount "41"]
[EventDate "2019.05.17"]
[EventType "blitz"]
[EventCountry "CHN"]
[SourceTitle "playchess.com"]
[Source "ChessBase"]
[SourceQuality "1"]

{[%evp 19,41,1,12,10,20,-8,14,7,10,8,10,0,0,0,4,0,18,0,0,0,21,0,0,0]} 1. Nf3 Nf6 2. g3 d5 3. Bg2 e6 4. O-O Be7 5. b3 O-O 6. Bb2 b6 7. c4 c5 8. cxd5 Nxd5 9. d4 Bb7 10. dxc5 Bxc5 {The position is equal.} 11. Nc3 {A14: English Opening: 1...e6 with b3 by White} Nd7 12. h4 $146 ({Predecessor:} 12. Nxd5 Bxd5 13. Qd3 Qe7 14. Rad1 Rfd8 15. Qc3 Nf6 16. Qe5 Rac8 17. Nh4 Bxg2 18. Rxd8+ Qxd8 19. Kxg2 {½-½ (45) So,W (2778)-Kramnik,V (2792) Paris 2018}) 12... h6 13. Ne4 Be7 14. Qd4 {[%csl Gb2][%cal Rd4g7] [#]} N5f6 15. Nfd2 Qb8 16. Rac1 Rd8 17. Qc3 Rc8 18. Qd4 Rd8 19. Qc3 Rc8 20. Qd4 Rd8 21. Qc3 {Accuracy: White = 60%, Black = 69%.} 1/2-1/2

[Event "IMSA Blitz Men 2019"]
[Site "Hengshui"]
[Date "2019.05.18"]
[Round "10.2"]
[White "Vidit, Santosh Gujrathi"]
[Black "Gelfand, Boris"]
[Result "1-0"]
[WhiteElo "2707"]
[BlackElo "2676"]
[Annotator "RC"]
[PlyCount "102"]
[EventDate "2019.05.17"]
[EventType "blitz"]
[EventCountry "CHN"]
[SourceTitle "playchess.com"]
[Source "ChessBase"]
[SourceQuality "1"]
[TimeControl "180+2"]

1. d4 {[%emt 0:00:00]} Nf6 {[%emt 0:00:00]} 2. c4 {[%emt 0:00:00]} e6 {[%emt 0:00:00]} 3. g3 {[%emt 0:00:01]} Bb4+ {[%emt 0:00:05]} 4. Nd2 {[%emt 0:00:02]} O-O {[%emt 0:00:08]} 5. Bg2 {[%emt 0:00:01]} d5 {[%emt 0:00:01]} 6. Ngf3 {[%emt 0:00:02]} b6 {[%emt 0:00:03]} 7. O-O {[%emt 0:00:02]} Bb7 {[%emt 0:00:01]} 8. Ne5 {[%emt 0:00:03]} Re8 {[%emt 0:00:05]} 9. Qc2 {[%emt 0:00:09]} Bf8 {[%emt 0:00:14]} 10. cxd5 {[%emt 0:00:25]} exd5 {[%emt 0:00:05]} 11. Ndf3 {[%emt 0:00:03]} h6 {[%emt 0:00:02]} 12. Bf4 {[%emt 0:00:08]} c5 {[%emt 0:00:05]} 13. Rfd1 {[%emt 0:00:02]} Na6 {[%emt 0:00:05]} 14. Rac1 {[%emt 0:00:13]} Qc8 {[%emt 0:00:20]} 15. h4 {[%emt 0:00:20]} Nc7 {[%emt 0:00:04]} 16. dxc5 {[%emt 0:00:09]} bxc5 {[%emt 0:00:02]} 17. Nd3 {[%emt 0:00:09]} Ne6 {[%emt 0:00:11]} 18. Be5 {[%emt 0:00:10]} Nd7 {[%emt 0:00:13]} 19. b3 {[%emt 0:00:04]} Qd8 {[%emt 0:00:20]} 20. e3 {[%emt 0:00:16]} Qb6 {[%emt 0:00:14]} 21. Ba1 {[%emt 0:00:07]} Rac8 {[%emt 0:00:07]} 22. Nde5 {[%emt 0:00:09]} Nxe5 {[%emt 0:00:03]} 23. Nxe5 {[%emt 0:00:02]} d4 {[%emt 0:00:09]} 24. Qf5 {[%emt 0:00:04]} Rc7 {[%emt 0:00:11]} 25. exd4 {[%emt 0:00:14]} cxd4 {[%emt 0:00:08]} 26. Rxc7 {[%emt 0:00:11]} Qxc7 {[%emt 0:00:01]} 27. Bxb7 {[%emt 0:00:06]} Qxb7 {[%emt 0:00:01]} 28. Qf3 {[%emt 0:00:18]} Qc7 {[%emt 0:00:25]} 29. Qc6 {[%emt 0:00:02]} Rc8 {[%emt 0:00:02]} 30. Qxc7 {[%emt 0:00:02]} Rxc7 {[%emt 0:00:00]} 31. Bxd4 {[%emt 0:00:07]} Rc2 {[%emt 0:00:14]} 32. Bxa7 {[%emt 0:00:04]} Rxa2 {[%emt 0:00:01]} 33. Be3 {[%emt 0:00:02]} Rb2 {[%emt 0:00:09]} 34. Rd3 {[%emt 0:00:02]} Nc5 {[%emt 0:00:04]} 35. Bxc5 {[%emt 0:00:02]} Bxc5 {[%emt 0:00:00]} 36. Rf3 {[%emt 0:00:07]} f6 {[%emt 0:00:05]} 37. Nc4 {[%emt 0:00:03]} Rc2 {[%emt 0:00:03]} 38. h5 {[%emt 0:00:03]} Kf7 {[%emt 0:00:03]} 39. Kg2 {[%emt 0:00:02]} Ke6 {[%emt 0:00:03]} 40. g4 {[%emt 0:00:02]} Ba7 {[%emt 0:00:04]} 41. Ne3 {[%emt 0:00:04]} Bxe3 {[%emt 0:00:06]} 42. Rxe3+ {[%emt 0:00:01]} Kf7 {[%emt 0:00:00]} 43. Re4 {[%emt 0:00:08]} f5 {[%emt 0:00:05]} 44. Rf4 {[%emt 0:00:02]} Rb2 {[%emt 0:00:02]} 45. Rxf5+ {[%emt 0:00:01]} Ke6 {[%emt 0:00:01]} 46. Rb5 {[%emt 0:00:02]} Kf6 {[%emt 0:00:01]} 47. Kg3 {[%emt 0:00:01]} Ke6 {[%emt 0:00:01]} 48. f3 {[%emt 0:00:01]} Kf6 {[%emt 0:00:01]} 49. Kf4 {[%emt 0:00:01]} Rc2 {[%emt 0:00:03]} 50. Rb6+ Kf7 {[%emt 0:00:01]} 51. b4 {[%emt 0:00:02]} Rc4+ {[%emt 0:00:01]} 1-0

[Event "IMSA Blitz Men 2019"]
[Site "Hengshui"]
[Date "2019.05.18"]
[Round "10.2"]
[White "Le, Quang Liem"]
[Black "Jones, Gawain C B"]
[Result "1-0"]
[WhiteElo "2704"]
[BlackElo "2702"]
[Annotator "TA"]
[PlyCount "103"]
[EventDate "2019.05.17"]
[EventType "blitz"]
[EventCountry "CHN"]
[SourceTitle "playchess.com"]
[Source "ChessBase"]
[SourceQuality "1"]

{[%evp 17,103,30,56,0,0,4,18,0,0,0,0,0,22,3,1,6,2,0,0,0,0,0,21,21,22,14,24,22,22,20,23,20,33,25,220,194,210,210,217,206,226,79,127,91,125,126,139,100,93,89,91,81,105,81,98,84,161,175,217,218,205,194,481,475,439,431,1081,1087,1011,852,1670,1244,29980,29980,29977,5389,29984,29985,29985,29985,29986,29986,29987,29988,29988,29989,29998,29999]} 1. e4 e5 2. Nf3 Nc6 3. Bb5 a6 4. Ba4 Nf6 5. O-O b5 6. Bb3 Bc5 7. a4 Rb8 8. c3 d6 9. d4 Bb6 10. a5 {C78: Ruy Lopez: Archangelsk and Möller Defences} (10. axb5 $14 axb5 11. Na3) 10... Ba7 $1 $11 11. h3 O-O 12. Re1 {The position is equal.} h6 13. Be3 Ra8 14. Nbd2 {[%cal Bb1d2,Bd2f1,Bf1g3][%mdl 32]} Re8 15. Nf1 exd4 16. cxd4 Rxe4 17. Ng3 {[#]} Re6 $146 ({Predecessor:} 17... Re7) 18. Bxe6 fxe6 19. Qd2 Ne7 20. Rac1 Ned5 21. Qc2 Bd7 22. Ne4 Rc8 23. Nxf6+ Qxf6 24. Qe4 Be8 25. Bd2 $36 {[%mdl 2048] White has some pressure.} Bf7 $2 (25... Bd7 $1 $11) 26. Rc6 $18 Bb8 27. Rxa6 c6 28. Rc1 Be8 29. Ra8 (29. Ne1 $18 {and White stays clearly on top.}) 29... Qe7 30. Nh2 Nc7 {[#]} 31. Rxb8 $1 Rxb8 32. Ng4 Nd5 33. Ne3 Nf6 34. Qf3 Qa7 35. Qf4 Rd8 36. Bb4 Qc7 (36... Qd7 $16) 37. a6 e5 38. dxe5 dxe5 39. Qg3 Rd4 $2 (39... Nh5 {was worth a try.} 40. Qg4 Ra8) 40. Ra1 Qa7 41. Bc3 Ra4 (41... Rf4 $142 42. Bxe5 Nh5) 42. Rxa4 bxa4 43. Bxe5 c5 44. Nf5 Kh8 45. Bxf6 gxf6 {[#]} 46. Qd6 (46. Qe3 $142 $1 Qd7 47. a7 {[%mdl 64] Deflection} Qxa7 48. Qxe8+ Kh7 49. Ne7 Qxe7 50. Qxe7+ Kg6 51. Qxc5) 46... Qf7 47. a7 {[%mdl 64] Deflection. White mates.} Qxa7 48. Qf8+ {[%mdl 64] Double Attack} Kh7 49. Qxe8 a3 50. bxa3 c4 51. Ne7 {[%csl Ge7][%cal Re8g8]} Qa8 52. Qg6+ {[%mdl 64] Double Attack. Accuracy: White = 65%, Black = 33%.} 1-0

[Event "IMSA Blitz Men 2019"]
[Site "Hengshui"]
[Date "2019.05.18"]
[Round "10.2"]
[White "Korobov, Anton"]
[Black "Mamedov, Rauf"]
[Result "1-0"]
[WhiteElo "2687"]
[BlackElo "2650"]
[Annotator "TA"]
[PlyCount "75"]
[EventDate "2019.05.17"]
[EventType "blitz"]
[EventCountry "CHN"]
[SourceTitle "playchess.com"]
[Source "ChessBase"]
[SourceQuality "1"]

{[%evp 17,75,53,79,33,34,16,31,0,0,0,0,0,14,0,5,0,10,0,11,10,49,0,0,0,0,0,118,96,78,70,72,54,78,41,79,98,84,72,106,91,80,75,164,118,111,89,186,187,258,260,410,352,717,792,1299,1202,29989,2041,29991,29992]} 1. d4 Nf6 2. c4 g6 3. Nc3 Bg7 4. e4 d6 5. Be2 O-O 6. Bg5 Na6 7. Qd2 e5 8. d5 Nc5 9. f3 a5 10. Bd1 {E73: King's Indian: Averbakh Variation without 6...c5} (10. g4 h6 11. Be3 h5 12. Nh3 hxg4 13. Nf2 Nh5 14. fxg4 Nf4 15. h4 {1-0 (15) Blanco Gramajo,C (2537)-Boger,R (2616) ICCF email 2014}) 10... c6 11. Nge2 cxd5 12. cxd5 {White is slightly better.} Bd7 13. O-O b5 {[%cal Bb7b5,Bb5b4][%mdl 32]} 14. Bc2 Qb6 {Threatens to win with ...Nb3+.} 15. Be3 Rfc8 $146 ({Predecessor:} 15... Qb7 16. Nd1 Rfc8 17. Nf2 b4 {0-1 (45) Tsvetkov,I (2392)-Berbatov,K (2455) Plovdiv 2010}) 16. Rfc1 Ne8 17. a3 {aiming for b4.} b4 18. Na4 Qb8 19. Nxc5 dxc5 20. Bd3 Bf8 $1 21. a4 Qb6 (21... Nd6 $11 22. Bc4 (22. Rxc5 Rxc5 23. Bxc5 Nxe4 $11) 22... f5) 22. b3 f5 23. Rc2 $36 {[%mdl 2048] White is pushing.} Rc7 24. Rac1 Rac8 25. Kh1 f4 26. Nxf4 exf4 27. Bxf4 Ra7 28. e5 {[%mdl 1024] White has strong compensation.} Ng7 29. g4 Be8 (29... Ne6 $16 {was called for.}) 30. e6 Rd8 31. Qe3 Be7 {[#]} (31... Nxe6 $16 {might work better.} 32. dxe6 Rxd3 33. Qxd3 Qxe6) 32. Bc4 $1 $18 Rd6 (32... Bf6 {is a better defense.} 33. Rd2 Kh8) 33. Be5 (33. Bxd6 Qxd6 34. f4 Bf6 $18) 33... g5 (33... Qb7 $142 34. Rd1 Ra8) 34. f4 gxf4 $2 (34... Qd8 35. Bxd6 (35. Qxc5 Rc7 $18) 35... Bxd6 36. fxg5 Bg6) 35. Qxf4 Bg6 36. Rf2 Ra8 37. Rcf1 (37. Qh6 $142 Ne8 38. Rcf1 Nf6 39. Rxf6 Bxf6 40. Rxf6 Be4+ {[#]} 41. Rf3 $3 {[%mdl 512]} Bxf3+ 42. Kg1) 37... Qd8 38. Qh6 {Accuracy: White = 53%, Black = 43%.} 1-0

[Event "IMSA Blitz Men 2019"]
[Site "Hengshui"]
[Date "2019.05.18"]
[Round "10.2"]
[White "Cheparinov, Ivan"]
[Black "Wang, Hao"]
[Result "1-0"]
[WhiteElo "2667"]
[BlackElo "2735"]
[Annotator "RC"]
[PlyCount "73"]
[EventDate "2019.05.17"]
[EventType "blitz"]
[EventCountry "CHN"]
[SourceTitle "playchess.com"]
[Source "ChessBase"]
[SourceQuality "1"]
[TimeControl "180+2"]

1. d4 {[%emt 0:00:00]} Nf6 {[%emt 0:00:00]} 2. c4 {[%emt 0:00:00]} e6 {[%emt 0:00:01]} 3. Nf3 {[%emt 0:00:00]} Bb4+ {[%emt 0:00:02]} 4. Nbd2 {[%emt 0:00:02]} O-O {[%emt 0:00:02]} 5. a3 {[%emt 0:00:00]} Be7 {[%emt 0:00:01]} 6. e4 {[%emt 0:00:01]} d6 {[%emt 0:00:01]} 7. Qc2 {[%emt 0:00:04]} Nfd7 {[%emt 0:00:06]} 8. Be2 {[%emt 0:00:05]} c5 {[%emt 0:00:19]} 9. d5 {[%emt 0:00:03]} Bf6 {[%emt 0:00:01]} 10. O-O {[%emt 0:00:06]} Re8 {[%emt 0:00:02]} 11. Bd3 {[%emt 0:00:14]} Ne5 {[%emt 0:00:12]} 12. Nxe5 {[%emt 0:00:01]} Bxe5 {[%emt 0:00:01]} 13. Nf3 {[%emt 0:00:04]} Nd7 {[%emt 0:00:03]} 14. Nxe5 {[%emt 0:00:12]} Nxe5 {[%emt 0:00:02]} 15. Be2 {[%emt 0:00:01]} exd5 {[%emt 0:00:08]} 16. cxd5 {[%emt 0:00:01]} Qf6 {[%emt 0:00:14]} 17. Bd2 {[%emt 0:00:15]} Qg6 {[%emt 0:00:07]} 18. f4 {[%emt 0:00:15]} Bg4 {[%emt 0:00:21]} 19. Bxg4 {[%emt 0:00:27]} Nxg4 {[%emt 0:00:02]} 20. Rae1 {[%emt 0:00:01]} Re7 {[%emt 0:00:30]} 21. h3 {[%emt 0:00:07]} Nf6 {[%emt 0:00:07]} 22. f5 {[%emt 0:00:01]} Qh5 {[%emt 0:00:02]} 23. Bf4 {[%emt 0:00:15]} Rd8 {[%emt 0:00:11]} 24. Re3 {[%emt 0:00:05]} Ne8 {[%emt 0:00:08]} 25. g4 {[%emt 0:00:15]} Qh4 {[%emt 0:00:02]} 26. Kg2 {[%emt 0:00:16]} Qf6 {[%emt 0:00:15]} 27. g5 {[%emt 0:00:04]} Qd4 {[%emt 0:00:02]} 28. Rd1 {[%emt 0:00:01]} Qxe3 {[%emt 0:00:05]} 29. Bxe3 {[%emt 0:00:01]} f6 {[%emt 0:00:03]} 30. h4 {[%emt 0:00:03]} b6 {[%emt 0:00:02]} 31. Bf4 {[%emt 0:00:02]} Nc7 {[%emt 0:00:03]} 32. Kf3 {[%emt 0:00:03]} Nb5 {[%emt 0:00:01]} 33. gxf6 {[%emt 0:00:03]} gxf6 {[%emt 0:00:01]} 34. Rg1+ {[%emt 0:00:04]} Kh8 {[%emt 0:00:03]} 35. Qg2 {[%emt 0:00:08]} Nd4+ {[%emt 0:00:02]} 36. Kf2 {[%emt 0:00:01]} Rde8 {[%emt 0:00:09]} 37. Bxd6 {[%emt 0:00:04]} 1-0

[Event "IMSA Blitz Men 2019"]
[Site "Hengshui"]
[Date "2019.05.18"]
[Round "11.1"]
[White "Bu, Xiangzhi"]
[Black "Ponomariov, Ruslan"]
[Result "1/2-1/2"]
[WhiteElo "2729"]
[BlackElo "2675"]
[Annotator "TA"]
[PlyCount "114"]
[EventDate "2019.05.17"]
[EventType "blitz"]
[EventCountry "CHN"]
[SourceTitle "playchess.com"]
[Source "ChessBase"]
[SourceQuality "1"]

{[%evp 17,114,16,18,0,22,5,16,-16,0,0,29,26,23,23,28,32,42,18,22,16,18,16,16,28,17,-26,-31,-31,-29,-29,-20,-31,-22,-27,-20,-27,-25,-26,70,52,58,-62,-53,-50,-61,-62,-70,-66,-51,-95,-85,-75,-66,-112,-122,-129,-92,-355,-363,-341,-347,-321,-324,-405,-346,-342,8,8,8,8,8,8,192,192,192,192,186,185,366,366,363,363,363,363,304,76,76,13,76,13,76,8,76,79,96,8,8,8,8]} 1. Nf3 Nf6 2. c4 g6 3. g3 Bg7 4. Bg2 O-O 5. O-O c5 6. d4 cxd4 7. Nxd4 Nc6 8. Nc3 Qa5 9. Nb3 Qh5 10. e4 {A39: Symmetrical English vs ...g6: 4 Bg2 Bg7 5 Nf3 Nf6 6 0-0 0-0 7 d4} d6 11. Qxh5 Nxh5 12. Rd1 Bxc3 $146 ({Predecessor:} 12... Rd8 13. Bg5 Bg4 14. f3 Be6 15. g4 Bxc3 16. bxc3 Nf6 17. c5 Bxb3 18. axb3 dxc5 {0-1 (80) Le,Q (2712)-Grischuk,A (2779) Khanty-Mansiysk 2013}) 13. bxc3 Bg4 14. f3 Be6 15. c5 Bxb3 16. axb3 dxc5 17. f4 Rfd8 18. Be3 b6 19. e5 Rxd1+ 20. Rxd1 Rd8 21. Rxd8+ (21. Ra1 {feels hotter.} Rd3 22. Bxc5 Rxc3 23. Bf2 Na5 24. Bf1) 21... Nxd8 $11 {[%mdl 4096] Endgame KBB-KNN} 22. Kf2 Kf8 23. Ke2 Ke8 24. Kd3 Kd7 25. Kc4 Ng7 26. Kb5 Kc7 27. g4 f5 (27... Kc8 $11) 28. exf6 $1 $14 exf6 29. b4 (29. f5 $1 $14) 29... cxb4 $15 30. cxb4 Ne8 31. Kc4 Nc6 32. Bd2 Ne7 33. Bc3 Nd6+ 34. Kd3 f5 35. g5 Kd7 36. h4 Ke6 37. Be5 $2 {[%mdl 8192]} (37. Bf3 $17) 37... Nd5 $19 38. b5 Nxb5 39. Bf3 Nd6 40. Bd1 b5 41. Bb3 a5 $2 (41... a6 $19 42. Kd4 Nc4 $1 {[%mdl 576] Decoy}) 42. Kd4 $11 Nc4 $1 {[%cal Rc4e3] And now ...Nce3 would win.} 43. Kc5 a4 44. Ba2 $1 a3 $2 (44... Nce3 $1 $11 45. Bc3 Nc4) 45. Bb3 $18 Nde3 {...Kd7 is the strong threat.} 46. Kxb5 Kd5 47. Kb4 Ke4 $2 (47... Nc2+ 48. Kc3 (48. Bxc2 Nxe5 49. fxe5 a2 $11) 48... N2e3) 48. Bxc4 Ng2 49. Kxa3 Nxf4 50. Bd6 Ng2 51. Bg8 $2 (51. h5 $1 $18 {is the precise move to win. Threatens to win with Bg8.} f4 52. Bg8) 51... Nxh4 $16 52. Bxh7 (52. Kb2 $16) 52... f4 $11 53. Kb3 ({White should play} 53. Kb2 $1 $16) 53... Kf5 {[#]} (53... Ke3 $1 $11) 54. Kc3 (54. Bg8 $1 $16) 54... Kxg5 (54... Ke6 $1 $11 {remains equal.}) 55. Be7+ Kg4 {[#]} 56. Bxh4 (56. Kd2 $1 $16) 56... Kxh4 57. Bxg6 Kg3 {Accuracy: White = 40%, Black = 47%.} 1/2-1/2

[Event "IMSA Blitz Men 2019"]
[Site "Hengshui"]
[Date "2019.05.18"]
[Round "11.1"]
[White "Vidit, Santosh Gujrathi"]
[Black "Mamedov, Rauf"]
[Result "1/2-1/2"]
[WhiteElo "2707"]
[BlackElo "2650"]
[Annotator "TA"]
[PlyCount "75"]
[EventDate "2019.05.17"]
[EventType "blitz"]
[EventCountry "CHN"]
[SourceTitle "playchess.com"]
[Source "ChessBase"]
[SourceQuality "1"]

{[%evp 12,75,37,39,51,41,36,33,27,15,15,15,15,15,22,10,35,27,25,14,15,12,10,9,16,14,12,0,19,10,13,0,22,24,19,8,18,9,14,0,0,0,0,0,0,0,25,21,20,0,8,0,10,0,4,0,5,0,0,0,7,0,0,0,0,0]} 1. d4 d5 2. c4 e6 3. Nf3 c5 4. cxd5 exd5 5. Nc3 Nc6 6. dxc5 d4 7. Na4 Bxc5 {[%mdl 64] [#] Decoy. D32: Tarrasch Defence: Sidelines and lines without g3} 8. Nxc5 {And now Nb3 would win.} Qa5+ 9. Qd2 (9. Bd2 Qxc5 10. Rc1 Qe7 11. e3 Nf6 12. Be2 O-O 13. O-O Rd8 14. Nxd4 Nxd4 15. exd4 Rxd4 {½-½ (71) Jakovenko,D (2749)-Mamedov,R (2708) Ankara 2018}) 9... Qxc5 {White is slightly better.} 10. e3 dxe3 11. Qxe3+ Qxe3+ 12. Bxe3 Nge7 13. Bc4 Be6 14. Bxe6 fxe6 15. Ke2 $146 ({Predecessor:} 15. Ng5 Kd7 16. O-O-O+ Nd5 17. Rhe1 Rac8 18. Kb1 h6 19. Nxe6 Kxe6 20. Bc5+ Ne5 21. Bd4 {1-0 (21) Diu,V (2427)-Nguyen,V (2367) Ho Chi Minh City 2016}) 15... Nd5 16. Rac1 h6 17. Rc4 Kf7 18. Rhc1 Rhd8 19. Bd2 Kg8 20. Re4 Rd6 21. Bf4 Rd7 22. Bg3 Re8 23. a3 Nf6 24. Re3 Nd5 25. Rd3 e5 {[#] Threatens to win with ...e4.} 26. Rdd1 Nf4+ 27. Kf1 Nd3 28. Ne1 e4 29. Nxd3 exd3 {The position is equal.} 30. Rd2 Red8 31. Rc3 Rd5 32. f3 Kf7 33. Kf2 R8d7 34. Ke3 {[%cal Rc3d3]} Re7+ 35. Kf2 Red7 36. Ke3 {[%cal Rc3d3]} Re7+ 37. Kf2 Red7 38. Ke3 {Accuracy: White = 37%, Black = 51%.} 1/2-1/2

[Event "IMSA Blitz Men 2019"]
[Site "Hengshui"]
[Date "2019.05.18"]
[Round "11.1"]
[White "Le, Quang Liem"]
[Black "Rapport, Richard"]
[Result "1/2-1/2"]
[WhiteElo "2704"]
[BlackElo "2736"]
[Annotator "TA"]
[PlyCount "123"]
[EventDate "2019.05.17"]
[EventType "blitz"]
[EventCountry "CHN"]
[SourceTitle "playchess.com"]
[Source "ChessBase"]
[SourceQuality "1"]

{[%evp 14,123,43,36,42,41,39,41,47,39,55,31,31,33,33,29,34,30,35,43,41,-9,-5,-10,-3,-11,0,0,0,0,63,10,10,18,24,17,20,6,9,10,16,18,27,28,29,28,31,17,16,12,20,20,24,21,23,24,30,30,31,0,0,0,23,7,19,0,40,41,42,24,24,24,24,24,45,8,8,0,0,0,0,0,0,0,0,-6,0,0,0,0,8,0,0,0,17,17,17,17,25,17,25,17,17,17,17,17,18,0,17,0,17,0]} 1. e4 e6 2. d4 d5 3. Nc3 dxe4 4. Nxe4 Bd7 5. Nf3 Bc6 6. Bd3 Nd7 7. O-O Ngf6 8. Ng3 g6 {C10: French with 3 Nc3: Unusual Black 3rd moves and 3...dxe4} 9. b3 (9. Qe2 Bg7 10. Ne5 Nxe5 11. dxe5 Nd7 12. f4 O-O 13. Be4 Bxe4 14. Nxe4 Qe7 15. Be3 Rfd8 16. Rad1 {½-½ (64) So,W (2815)-Carlsen,M (2832) chess.com INT 2017}) 9... Bg7 10. Ba3 Bf8 {White is slightly better.} 11. Bb2 Bg7 12. Qe2 Bxf3 13. Qxf3 c6 14. c4 O-O 15. Rad1 Re8 $146 ({Predecessor:} 15... a5 16. Ba3 {0-1 (92) Vajic,G (2294)-Tratar,M (2456) Sarajevo 2018}) 16. Rfe1 Qc7 17. Ne2 e5 {[#] aiming for ...e4.} 18. Bb1 exd4 19. Nxd4 h5 20. h3 Rad8 21. Qc3 Qb6 (21... Rxe1+ $11 22. Qxe1 Re8) 22. Nf3 (22. Bxg6 $1 $14 Rxe1+ 23. Rxe1) 22... Rxe1+ 23. Rxe1 Re8 24. Qd2 {[#] And now Rxe8+ would win.} Rxe1+ 25. Nxe1 Qc7 26. Bd4 Qd6 27. Nf3 c5 28. Be3 Qxd2 29. Nxd2 b6 30. Kf1 Ne8 31. Ke2 Nd6 32. g4 hxg4 33. hxg4 Kf8 34. Ne4 Nxe4 35. Bxe4 $11 {[%mdl 4096] Endgame KBB-KBN} Ke7 36. Kd2 Nf6 37. Bf3 Ne8 38. Kc2 Nd6 39. a3 a5 40. Bd5 Nc8 41. b4 axb4 42. axb4 cxb4 43. Kb3 Bc3 44. Bb7 Nd6 45. Ba6 Ne4 46. Bxb6 Kd6 47. Bb5 Nc5+ 48. Kc2 Bd4 49. f3 b3+ 50. Kb1 b2 51. Be8 Ke7 52. Ba4 Kd6 53. Bc2 Nb3 (53... Bc3 {is interesting.} 54. Ba7 Kc6 55. f4 Kd6 56. Bb8+ Ke7) 54. Bxb3 Bxb6 55. Kxb2 {KB-KB} g5 56. Kc2 f6 57. Kd3 Ke5 {The position is equal.} 58. Ba4 Bc5 59. Bb5 Bb6 60. Ba4 Bc5 61. Bb5 Bb6 62. Ba4 {Accuracy: White = 45%, Black = 68%.} 1/2-1/2